Biggest Urban Areas in the UK (Updated) - Statistics

General Stats
  • This quiz has been taken 76 times
  • The average score is 18 of 21
Answer Stats
Population City or Town % Correct
2,594,803 Birmingham
100%
10,552,913 London
100%
2,737,412 Manchester
100%
895,385 Liverpool
98%
680,527 Bristol
97%
1,026,880 Glasgow
95%
790,461 Newcastle upon Tyne
95%
1,877,125 Leeds
92%
692,851 Sheffield
92%
464,269 Cardiff
90%
529,580 Edinburgh
90%
622,000 Belfast
88%
494,419 Brighton
88%
761,541 Nottingham
88%
888,340 Southampton
88%
559,367 Leicester
85%
389,603 Coventry
70%
382,687 Stoke-on-Trent
67%
490,000 Bournemouth
57%
355,440 Reading
55%
383,552 Middlesbrough
50%
No matching quizzes found
Score Distribution
Percent of People with Each Score
Percentile by Number Answered
Your Score History
You have not taken this quiz